00432nam a2200193Ia 4500003000900000008004100009040001300050040001300063041000800076100001600084245004700100250001100147260001400158260000900172300001100181300001200192490002600204490000800230IT-RoPAU120407s9999 xx 000 0 und d aIT-RoPAU cIT-RoPAU aita aKarl Larenz aStoria del metodo nella scienza giuridica. aMilano aGiuffrè c1966 a210 p. c21,5 cm aCiviltà del diritto v114